Economía, crimen y conflicto / (Registro nro. 5155)
[ vista simple ]
| 000 -LEADER | |
|---|---|
| fixed length control field | 00981nam a2200241Ia 4500 |
| 003 - CONTROL NUMBER IDENTIFIER | |
| control field | OSt |
| 005 - DATE AND TIME OF LATEST TRANSACTION | |
| control field | 20201112112307.0 |
| 008 - FIXED-LENGTH DATA ELEMENTS--GENERAL INFORMATION | |
| fixed length control field | 191128t2001 ck a gr 000 0 spa d |
| 020 ## - INTERNATIONAL STANDARD BOOK NUMBER | |
| International Standard Book Number | 9587010264 |
| 040 ## - CATALOGING SOURCE | |
| Original cataloging agency | CO-JMCR |
| Transcribing agency | CO-JMCR |
| 041 0# - LANGUAGE CODE | |
| Language code of text/sound track or separate title | spa |
| 082 04 - DEWEY DECIMAL CLASSIFICATION NUMBER | |
| Classification number | 322.42 / |
| Item number | M386e |
| Edition number | 21 |
| 100 1# - MAIN ENTRY--PERSONAL NAME | |
| Personal name | Martínez Ortiz, Astrid, |
| Relator term | editora |
| 9 (RLIN) | 2635 |
| 245 10 - TITLE STATEMENT | |
| Title | Economía, crimen y conflicto / |
| Statement of responsibility, etc. | Astrid Martínez Ortiz |
| 250 ## - EDITION STATEMENT | |
| Edition statement | Primera edición |
| 260 ## - PUBLICATION, DISTRIBUTION, ETC. | |
| Place of publication, distribution, etc. | Bogotá : |
| Name of publisher, distributor, etc. | Antropos, |
| Date of publication, distribution, etc. | ©2001 |
| 300 ## - PHYSICAL DESCRIPTION | |
| Extent | 445 páginas : |
| Other physical details | ilustraciones a blanco y negro ; |
| Dimensions | 24 cm. |
| 504 ## - BIBLIOGRAPHY, ETC. NOTE | |
| Bibliography, etc. note | Bibliografía: página 445 |
| 505 0# - FORMATTED CONTENTS NOTE | |
| Title | Economía crimen y conflicto / |
| Statement of responsibility | Astrid Martínez |
| Title | Economía y violecia en Colombia / |
| Statement of responsibility | Carlos Mario Goméz |
| Title | Agencia de protección privada y resolución asimétrica del conflicto: ¿institucionalidad de preferencias masoquistas en Colombia? / |
| Statement of responsibility | Fredy Cante |
| 650 14 - SUBJECT ADDED ENTRY--TOPICAL TERM | |
| Topical term or geographic name entry element | Economía |
| Geographic subdivision | Colombia |
| 9 (RLIN) | 2636 |
| 650 14 - SUBJECT ADDED ENTRY--TOPICAL TERM | |
| Topical term or geographic name entry element | Conflicto |
| Geographic subdivision | Colombia |
| 9 (RLIN) | 2637 |
| 942 ## - ADDED ENTRY ELEMENTS (KOHA) | |
| Source of classification or shelving scheme | Dewey Decimal Classification |
| Koha item type | Books |
| Withdrawn status | Lost status | Source of classification or shelving scheme | Damaged status | Not for loan | Collection code | Home library | Current library | Date acquired | Source of acquisition | Cost, normal purchase price | Full call number | Barcode | Date last seen | Copy number | Koha item type |
|---|---|---|---|---|---|---|---|---|---|---|---|---|---|---|---|
| Dewey Decimal Classification | Non-fiction | Biblioteca Pública José María del Castillo y Rada | Biblioteca Pública José María del Castillo y Rada | 04/15/2018 | Donación | 0.00 | 322.42 / M386e | 430001378 | 05/16/2024 | Ej.1 | Books |